1315 1515 1771 1477 1151 1773 1796 1353 1048 1597 1604 1882 1683 1143 1187 1332 1718 1299 1147 1484 1335 1268 1768 1566 1949 1457 1999 1753 1459 1761 1286 1148 1941 1492 1223 1385 1233 1689 1274 1817 1416 1774 1612 1095 1422 1717 1950 1712 1312 1977 1181 1093 1015 1415 1036 1511 1505 1869 1812 1187 1821 1942 1768 1659 1858 1616 1998 1453 1492 1302 1099 1982 1099 1721 1814 1144 1811 1404 1739 1659 1699 1635 1984 1710 1957 1003 1826 1660 1836 1835 1287 1284 1065 1677 1751 1401 1611 1145 1124 BCNSPRNW ULIB Ver.6.0+V

เปลี่ยนเป็นภาษาไทย

Change to English
 แสดงรายละเอียดบรรณานุกรม
  กลับหน้าหลัก

Brief Record : Get Marc (ISO 2709) : E-mail record : QR code < ปิดหน้าต่าง
LEADER : 00000nam 2200000uu 4500
001    13399129002
003     ULIB
008    250502s2567||||th 000 0 tha d
020    ^a9786168012147
060 04 ^aWY85^bค695
245 00 ^aคู่มือส่งเสริมจริยธรรมสำหรับองค์การพยาบาล :^bกลไกและการปฏิบัติ/^cบรรณาธิการ, ทัศนา บุญทอง, อังคณา สริยาภรณ์, สุนทราวดี เธียรพิเชฐ, ชุลีพร เชาวน์เมธากิจ
250    ^aพิมพ์ครั้งที่ 1(ฉบับปรับปรุงครั้งที่ 2)
260    ^aนนทบุรี :^bสภาการพยาบาล,^c2567
300    ^a304 หน้า ;^c21 ซม.
650  4 ^aจรรยาบรรณพยาบาล
650  4 ^aจริยธรรม
700 0  ^aทัศนา บุญทอง,^eบรรณาธิการ
700 0  ^aอังคณา สริยาภรณ์,^eบรรณาธิการ
700 0  ^aสุนทราวดี เธียรพิเชฐ,^eบรรณาธิการ
700 0  ^aชุลีพร เชาวน์เมธากิจ ,^eบรรณาธิการ
710 2  ^aสภาการพยาบาล
945    ^p0^l0^i30421
945    ^p0^l0^i30422
945    ^p0^l0^i30423
945    ^p0^l0^i30424
945    ^p0^l0^i30425
945    ^p0^l0^i30426
945    ^p0^l0^i30427
945    ^p0^l0^i30428
945    ^p0^l0^i30429
945    ^p0^l0^i30430
999    ^aกัณชพร จุลอักษร
รายการนี้ยังไม่มีแท็ก
คุณยังไม่ได้ล็อกอิน คุณสามารถมีกิจกรรมร่วมกับเว็บไซต์ได้ แต่ต้องล็อกอินก่อน ::
  ล็อกอิน

รายการสื่อสารสนเทศ

ลำดับที่ ประเภท เลขเรียก/บาร์โค้ด สถานที่ สถานะ
1. หนังสือสำรอง
หนังสือสำรอง
WY85 ค695 ฉ.1 
  Barcode: 30421
ห้องสมุดวิทยาเขตนครสวรรค์
►หนังสือทั่วไป:l:General Books
บนชั้น
2. วิทยาศาสตร์การแพทย์ และสุขภาพ
วิทยาศาสตร์การแพทย์ และสุขภาพ
WY85 ค695 ฉ.10 
  Barcode: 30430
ห้องสมุดวิทยาเขตนครสวรรค์
►หนังสือทั่วไป:l:General Books
บนชั้น
3. วิทยาศาสตร์การแพทย์ และสุขภาพ
วิทยาศาสตร์การแพทย์ และสุขภาพ
WY85 ค695 ฉ.2 
  Barcode: 30422
ห้องสมุดวิทยาเขตนครสวรรค์
►หนังสือทั่วไป:l:General Books
บนชั้น
4. วิทยาศาสตร์การแพทย์ และสุขภาพ
วิทยาศาสตร์การแพทย์ และสุขภาพ
WY85 ค695 ฉ.3 
  Barcode: 30423
ห้องสมุดวิทยาเขตนครสวรรค์
►หนังสือทั่วไป:l:General Books
บนชั้น
5. วิทยาศาสตร์การแพทย์ และสุขภาพ
วิทยาศาสตร์การแพทย์ และสุขภาพ
WY85 ค695 ฉ.4 
  Barcode: 30424
ห้องสมุดวิทยาเขตนครสวรรค์
►หนังสือทั่วไป:l:General Books
บนชั้น
6. วิทยาศาสตร์การแพทย์ และสุขภาพ
วิทยาศาสตร์การแพทย์ และสุขภาพ
WY85 ค695 ฉ.5 
  Barcode: 30425
ห้องสมุดวิทยาเขตนครสวรรค์
►หนังสือทั่วไป:l:General Books
บนชั้น
7. วิทยาศาสตร์การแพทย์ และสุขภาพ
วิทยาศาสตร์การแพทย์ และสุขภาพ
WY85 ค695 ฉ.6 
  Barcode: 30426
ห้องสมุดวิทยาเขตนครสวรรค์
►หนังสือทั่วไป:l:General Books
บนชั้น
8. วิทยาศาสตร์การแพทย์ และสุขภาพ
วิทยาศาสตร์การแพทย์ และสุขภาพ
WY85 ค695 ฉ.7 
  Barcode: 30427
ห้องสมุดวิทยาเขตนครสวรรค์
►หนังสือทั่วไป:l:General Books
บนชั้น
9. วิทยาศาสตร์การแพทย์ และสุขภาพ
วิทยาศาสตร์การแพทย์ และสุขภาพ
WY85 ค695 ฉ.8 
  Barcode: 30428
ห้องสมุดวิทยาเขตนครสวรรค์
►หนังสือทั่วไป:l:General Books
บนชั้น
10. วิทยาศาสตร์การแพทย์ และสุขภาพ
วิทยาศาสตร์การแพทย์ และสุขภาพ
WY85 ค695 ฉ.9 
  Barcode: 30429
ห้องสมุดวิทยาเขตนครสวรรค์
►หนังสือทั่วไป:l:General Books
บนชั้น

รายการใกล้เคียง
    หัวเรื่อง [จรรยาบรรณพยาบาล]
    หัวเรื่อง [จริยธรรม]

BibComment


ยังไม่เคยถูกคอมเมนท์

คอมเมนท์ทรัพยากรรายการนี้
  คอมเมนท์: คู่มือส่งเสริมจร..


 Copyright 2026. Bcnsprnw @Library